Filmes do Studio Ghibli - Statistics

Estatísticas Gerais
  • Esse quiz foi jogado 91 vezes
  • A pontuação média é 11 de 24
Estatísticas das Respostas
Ano Filme % Correto
2001 A Viagem de Chihiro
89%
2004 O Castelo Animado
86%
1988 Meu Amigo Totoro
79%
2008 Ponyo: Uma Amizade que Veio do Mar
78%
2023 O Menino e a Garça
70%
1989 O Serviço de Entregas da Kiki
68%
1988 Túmulo dos Vagalumes
67%
1997 Princesa Mononoke
64%
1992 Porco Rosso: O Último Herói Romântico
58%
1986 O Castelo no Céu
51%
2010 O Mundo dos Pequeninos
45%
1995 Sussurros do Coração
38%
2013 Vidas ao Vento
36%
2013 O Conto da Princesa Kaguya
34%
2014 As Memórias de Marnie
33%
2002 O Reino dos Gatos
32%
1984 Nausicaä do Vale do Vento
26%
1991 Memórias de Ontem
25%
2006 Contos de Terramar
23%
2011 Da Colina Kokuriko
21%
1993 Eu Posso Ouvir o Oceano
21%
2020 Aya e a Bruxa
16%
1999 Meus Vizinhos, Os Yamadas
16%
1994 PomPoko: A Grande Batalha dos Guaxinins
16%
Nenhum quiz correspondente encontrado
Distribuição das Pontuações
Porcentagem de Pessoas com Cada Pontuação
Percentil de Números Respondidos
Sua Pontuação Histórica
Você não jogou esse quiz